000
00474nam a2200169Ia 4500
008
110201s9999 xx 000 0 und d
082
_b
B1294
_a
K 1114
100
_a
पाध्ये भाऊ
245
_a
अग्रेसर
260
_b
जी.एम.प्रभू
365
_b
6
600
_a
पाध्ये भाऊ
630
_a
अग्रेसर
700
_a
पाध्ये भाऊ
730
_a
अग्रेसर
942
_c
BOOK
999
_c
828585
_d
828582